| Registos Bibliográficos associados ao registo de autoridade |
|
Etiqueta de registo: 00841cac 22001931i 450 001 1226164 003 http://id.bnportugal.gov.pt/bib/catbnp/1226164 100 ## $a20020304f18001899m y0pory0103 ba 101 0# $apor 102 ## $aPT 200 1# $aAviso ao publico (ácérca do fabrico da Agua de Inglaterra)$fJosé Joaquim de Castro 210 #9 $aLisboa$cOff. de Simão Thaddeo Ferreira$d[18--] 215 ## $afolheto$din-4 300 ## $aSem frontispicio 700 #1 $aCastro,$bJosé Joaquim de,$f17---18--$31197548 801 #0 $aPT$bBN 801 #1 $aFR$bJOUVE 966 ## $lBN$mFGMON$sS.A. 11368//11 P. 997 ## $aBIBEOD
Etiqueta de registo: 00254nam 2200025 450 001 2284104 003 http://id.bnportugal.gov.pt/bib/catbnp/2284104 100 ## $a20260410f18101811m y0pory01030103ba 101 0# $apor 102 ## $aPT 105 ## $ay z 000yy 106 ## $ar 200 1# $a [ Requerimento de José Joaquim de Castro, para que lhe seja passada certidão do despacho
da Real Junta do Comércio relativo à Real Fábrica de Água de Inglaterra] 210 #9 $aLisboa$cna Impressão Regia,$d[1810] 215 ## $a[1] f.$d2º (33 cm) 306 ## $aPé de imprensa no cólofon 306 ## $aRequerimento, certidão e despacho datados de Maio de 1810 327 11 $aNo reto do f., o requerimento; no verso, a certidão e despacho 620 ## $dLisboa 700 #1 $aCastro,$bJosé Joaquim de,$f17---18--$31197548 711 02 $aPortugal.$bReal Junta do Comércio, Agricultura, Fábricas e Navegação$4070$3433856 712 02 $aTipografia Régia$c(Lisboa)$4610$360351 801 #0 $aPT$bBN$gRPC 966 ## $lBN$mRESMAN$sCOD. 6939, f. 52 971 ## $cpmesqui$d20260410 997 ## $aBIBEOD
|
|
|